States of the Portuguese Empire Quiz - Statistics

General Stats
  • This quiz has been taken 98 times
  • The average score is 10 of 15
Answer Stats
Group Years Capital Answer % Correct
Southwest Africa 1972-1975 Luanda Angola
99%
South America 1621-1751 Salvador Brazil
99%
South America 1751-1772 Rio de Janeiro Brazil
99%
South America 1772-1775 Rio de Janeiro Brazil
99%
South America 1775-1815 Rio de Janeiro Brazil
99%
Northwest Africa 1972-1974 Bissau Guinea
92%
East Africa 1972-1975 Lourenço Marques Mozambique
91%
East Africa 1505-1752 Mozambique Island India
90%
Asia 1505-1961 Goa India
90%
South America 1751-1772 Belém Grão-Pará and Maranhão
23%
South America 1621-1751 São Luís Maranhão
22%
South America 1772-1775 São Luís Maranhão and Piauí
22%
East Africa 1891-1893 Mozambique Island East Africa
19%
South America 1772-1775 Belém Grão-Para and Rio Negro
19%
Southwest Africa 1891-1951 Luanda West Africa
17%
No matching quizzes found
Score Distribution
Percent of People with Each Score
Percentile by Number Answered
Your Score History
You have not taken this quiz